| 000 | 00653nam a22002172 4500 | ||
|---|---|---|---|
| 001 | 0000003139 | ||
| 005 | 20151217151916.0 | ||
| 008 | 070430s xx 000 0 eng d | ||
| 020 | _a08803983301 : | ||
| 040 |
_aKABU _cKABU |
||
| 050 | 0 |
_aHM786 _b.C54 |
|
| 100 | 1 |
_aClegg, Stewart R. _@0000152804 |
|
| 245 | 1 | 0 |
_aModern organizations : _borganization studies in the postmodern world. |
| 260 |
_aLondon : _bSAGE, _c1990. |
||
| 300 | _axi, 261 p. | ||
| 650 | 0 |
_aOrganizational sociology. _@0000147972 |
|
| 650 | 0 |
_aPostmodernism _xsocial aspects. _@0000152805 |
|
| 908 | _a070430 | ||
| 950 | _@1 | ||
| 999 |
_c6245 _d6245 |
||